000 00738nam a2200277 i 4500
001 C2-0129624
003 PPAK
005 20180727121433.0
008 970929s1994 my a|||| ||||| | eng d
020 _a9676104159
040 _aPPAK
_beng
_cPPAK
_erda
082 0 4 _a428.6
_223
090 0 0 _a428.6
_bTOH
_dK
100 1 _aToh, Janey,
_eauthor
245 1 0 _aZeke stays home
264 1 _aKuala Lumpur :
_bUtusan ,
_c1994
300 _a32 pages :
_bcolour illustrations ;
_c21 cm
336 _2rdacontent
_atext
337 _2rdamedia
_aunmediated
338 _2rdacarrier
_avolume
490 1 _aZeke & friends in school
500 _aNursery level
650 1 0 _aReaders
830 0 _aZeke & friends in school
942 _ddc
_cB
999 _c39636
_d39636